Statistiken für Erdkunde

Klicken Sie hier um das Quiz zu spielen!

Allgemein

  • Dieses Quiz wurde 243 mal gespielt
  • Das Durchschnittsergebnis liegt bei 5 aus 10

Antwortstatistiken

FrageAntwort% Korrekt
Warum sanken 2001 die Aktienkurse der USATerroranschläge
72%
Wann war die Finanzkrise2006/07
70%
Wieviele Arbeiter haben ihren Arbeitsplatz verloren1,2 Millionen
62%
Welche Investmentbank ging insolventLehman Brothers
58%
Was war kein direkter Grund für die KriseMedien
45%
Wieviel US Bürger hatten 2005 ein Eigenheim70%
44%
Wie viele Banken und Versicherungen rettete die USA?3 Banken, 1 Versicherung
35%
Welcher dieser Begriffe war KEIN Teil des EU-RettungsringsItalien-Kredite
35%
wie hat euch die Präsentation gefallen?Super gut
32%
Um wie viele US Dollar ist das BIP gesunken?4 000 000 000 000
23%

Verteilung der Resultate

Perzentil nach korrekt beantworteten Fragen

Anzahl Personen mit jedem Resultat

Ihre Resultats-Entwicklung

Sie haben dieses Quiz noch nicht gespielt